000 00451nam a2200157Ia 4500
003 GCL
005 20240530110153.0
008 140319s9999 xx 000 0 ara d
040 _aGCL /
_cGCL
082 0 4 _a330
_bع م
100 _aعبدالفتاح قنديل
245 1 0 _aمقدمة فى علم الاقتصاد /
_cعبدالفتاح قنديل
260 _a[S.N] :
_bدار النهضة العربية
300 _a659 ص
942 _2ddc
_cBK
999 _c59156
_d59156